000 00217nam a2200097Ia 4500
008 170620s9999 xx 000 0 und d
100 _aJain-Deepak
245 0 _aPlay & Learn Judo
260 _bNew delhi.Khel.S.k
260 _c2005
300 _a107
999 _c27692
_d27692